• 首页
  • 本馆介绍
  • 公告通知
  • 最新文献
  • 馆藏检索
  • 电子资源
  • 读者导购
  • 参考咨询
  • 我的图书馆
  • 登录
  • 详细信息显示
  • 放入我的书架
  • 预约/预借图书
  • 作者相关作品
  • 分类相关作品
  • 丛书相关作品
  • 出版社相关作品

书目信息

  • 表格格式
  • 工作单格式
  • 卡片格式
题名:
无机非金属复合材料及其应用
    
 
作者: 刘雄亚 , 郝元恺 , 刘宁 编著
分册:  
出版信息: 北京   化学工业出版社  2006
页数: 326页
开本: 24cm
丛书名: 21世纪复合材料应用技术丛书
单 册:
中图分类: TB332
科图分类:
主题词: 无机材料--非金属复合材料
电子资源:
ISBN: 7-5025-9142-7
000 01078oam2 2200301 450
001 012004079584
005 20070805111128.67
009 012004079584
010    @a7-5025-9142-7@dCNY42.00
035    @a(110017)062002067663
100    @a20061016d2006 em y0chiy0110 ea
101 0  @achi
102    @aCN@b110000
105    @aa z 000yy
106    @ar
200 1  @a无机非金属复合材料及其应用@Awu ji fei jin shu fu ge cai liao ji qi ying yong@f刘雄亚, 郝元恺, 刘宁编著@Fliu xiong ya , hao yuan kai , liu ning bian zhu
210    @a北京@c化学工业出版社@d2006
215    @a326页@c图@d24cm
225 2  @a21世纪复合材料应用技术丛书@A21 shi ji fu he cai liao ying yong ji shu cong shu
330    @a本书论述了无机非金属复合材料的复合原理、基本性能、产品设计方法、制造工艺及应用情况。
461  0 @12001 @a21世纪复合材料应用技术丛书
606 0  @a无机材料@x非金属复合材料
690    @aTB332@v4
701  0 @a刘雄亚@Aliu xiong ya@4编著
701  0 @a郝元恺@Ahao yuan kai@4编著
701  0 @a刘宁@Aliu ning@4编著
801  0 @aCN@b110017@c20070805
905    @dTB332@e175@f5
    
    无机非金属复合材料及其应用/刘雄亚, 郝元恺, 刘宁编著.-北京:化学工业出版社,2006
    326页:图;24cm.-(21世纪复合材料应用技术丛书)
    
    
    ISBN 7-5025-9142-7:CNY42.00
    本书论述了无机非金属复合材料的复合原理、基本性能、产品设计方法、制造工艺及应用情况。
●
相关链接 在E读中查询图书 在五车中查询图书 在当当中查询图书 在豆瓣中查询图书


正题名:无机非金属复合材料及其应用     索取号:TB332/175         预约/预借

序号 登录号 条形码 馆藏地/架位号 状态 备注
1 0850775   208507757   第二样本阅览室/ [索取号:TB332/175] 在馆    
2 0850776   208507766   第三借阅区/ [索取号:TB332/175] 在馆    
3 0850777   208507775   第三借阅区/ [索取号:TB332/175] 在馆    
4 0850778   208507784   密集书库/ [索取号:TB332/175] 在馆    
5 0850779   208507793   密集书库/ [索取号:TB332/175] 在馆    
唐山师范学院图书馆 欢迎您!
大连网信软件有限公司© 版权所有